| 000 | 01210cam a22002054a 4500 | ||
|---|---|---|---|
| 999 |
_c6591 _d6591 |
||
| 020 | _a0131018604 | ||
| 022 | _a9780131018600 | ||
| 050 | 0 | 0 |
_aQA76.73.J38 _b.S788 |
| 100 | 1 | _aStaugaard, Andrew C. | |
| 245 | 1 | 0 |
_aInformation systems programming with Java / _cAndrew C. Staugaard, Jr. |
| 250 | _a2nd ed. | ||
| 260 |
_aUpper Saddle River, NJ : _bPearson/Prentice Hall, _c2004. |
||
| 300 |
_axxiii, 783 p. : _bill. ; _c24 cm. _e+1 CD-ROM (4 3/4 in.) |
||
| 500 | _aIncludes index | ||
| 505 | _a1. Computers, programs, and Java -- 2. Problem solving -- 3. Working with data: Types, classes, objects, and I/O -- 4. Nuts and bolts: Basic stuff in Java -- 5. Making decisions -- 6. Repetition -- 7. Class behavior: Methods -- 8. Object-oriented programming: Part I -- 9. Object-oriented programming: Part II -- 10. One-dimensional arrays -- 11. Graphical user interfaces: GUIs Part I -- 12. Graphical user interfaces: GUIs Part II -- 13. Applets and graphics -- 14. File I/O and exception handling -- 15. Multidimensional arrays -- | ||
| 650 | 0 | _aJava (Computer program language) | |
| 650 | 0 | _aObject-oriented programming (Computer science) | |
| 650 | 0 | _aManagement information systems. | |
| 942 | _cBK | ||